<?xml version="1.0" encoding="UTF-8"?><?xml-stylesheet type="text/xsl" href="static/style.xsl"?><OAI-PMH xmlns="http://www.openarchives.org/OAI/2.0/" xmlns:xsi="http://www.w3.org/2001/XMLSchema-instance" xsi:schemaLocation="http://www.openarchives.org/OAI/2.0/ http://www.openarchives.org/OAI/2.0/OAI-PMH.xsd"><responseDate>2026-04-17T01:54:10Z</responseDate><request verb="GetRecord" identifier="oai:www.recercat.cat:2117/78722" metadataPrefix="marc">https://recercat.cat/oai/request</request><GetRecord><record><header><identifier>oai:recercat.cat:2117/78722</identifier><datestamp>2025-07-22T23:01:44Z</datestamp><setSpec>com_2072_1033</setSpec><setSpec>col_2072_452951</setSpec></header><metadata><record xmlns="http://www.loc.gov/MARC21/slim" xmlns:dcterms="http://purl.org/dc/terms/" xmlns:xsi="http://www.w3.org/2001/XMLSchema-instance" xmlns:doc="http://www.lyncode.com/xoai" xsi:schemaLocation="http://www.loc.gov/MARC21/slim http://www.loc.gov/standards/marcxml/schema/MARC21slim.xsd">
   <leader>00925njm 22002777a 4500</leader>
   <datafield ind2=" " ind1=" " tag="042">
      <subfield code="a">dc</subfield>
   </datafield>
   <datafield ind2=" " ind1=" " tag="720">
      <subfield code="a">Prados Vázquez, Fernando</subfield>
      <subfield code="e">author</subfield>
   </datafield>
   <datafield ind2=" " ind1=" " tag="260">
      <subfield code="c">2015-07</subfield>
   </datafield>
   <datafield ind2=" " ind1=" " tag="520">
      <subfield code="a">Planteamos este trabajo en el marco de un proyecto de demolición para ver en detalle los&#xd;
aspectos medio-ambientales.He participado de forma activa en la fase de proyecto realizando las mediciones y&#xd;
presupuesto, participando en la realización del estudio de gestión así como del plan gestión medioambiental entre otros aspectos y siendo luego el director de ejecución en la fase de obra.&#xd;
El proyecto plantea la demolición de una nave en terreno industrial de uso logístico (13.910,20 m2 de superficie construida, edificada en el año 1998,  situada en una parcela con perimetro de superficie de 26.333 m2 de planta rectangular y dividida en dos franjas.&#xd;
El trabajo detalla los aspectos medio-ambientales involucrados en un proyecto de demolición.&#xd;
Se analizan los procedimientos tecnológicos para desarrollar la demolición. En la parte medio-ambiental se estudia la caracterización de suelos , donde se podrá ver el estado de las zonas de riesgo potencial y las medidas&#xd;
a adoptar. El estudio de gestión de residuos muestra la aplicación de la normativa en relación a la gestión de residuos con medidas como la separación de residuos,minimizaciones, reutilización y valorización.&#xd;
Se aplica un plan de gestión ambiental, como se consigue minimizar el impacto ambiental cuyo origen es la demolición de una nave, identificando primero las unidades de obra susceptibles de generar impactos ambientales y se aplica luego un programa de actuación medio-ambiental para anularlos o reducirlos al máximo.&#xd;
Finalmente se plantean las conclusiones de los distintos aspectos medio-ambientales vistos en el desarrollo de este trabajo.</subfield>
   </datafield>
   <datafield tag="653" ind2=" " ind1=" ">
      <subfield code="a">Àrees temàtiques de la UPC::Edificació::Impacte ambiental</subfield>
   </datafield>
   <datafield tag="653" ind2=" " ind1=" ">
      <subfield code="a">Wrecking</subfield>
   </datafield>
   <datafield tag="653" ind2=" " ind1=" ">
      <subfield code="a">Industrial buildings</subfield>
   </datafield>
   <datafield tag="653" ind2=" " ind1=" ">
      <subfield code="a">Enderrocaments -- Residus</subfield>
   </datafield>
   <datafield tag="653" ind2=" " ind1=" ">
      <subfield code="a">Residus -- Recuperació -- Catalunya</subfield>
   </datafield>
   <datafield tag="653" ind2=" " ind1=" ">
      <subfield code="a">Edificis industrials</subfield>
   </datafield>
   <datafield ind2="0" ind1="0" tag="245">
      <subfield code="a">Proyecto de demolición de nave industrial: aspectos medio-ambientales</subfield>
   </datafield>
</record></metadata></record></GetRecord></OAI-PMH>